Madina Raya / (Record no. 126598)

MARC details
000 -LEADER
campo de control de longitud fija 00560nam a2200181 4500
001 - NÚMERO DE CONTROL
campo de control 126598
003 - IDENTIFICADOR DE NÚMERO DE CONTROL
campo de control ES-MaACL
005 - FECHA Y HORA DE LA ÚLTIMA TRANSACCIÓN
campo de control 20250820121618.0
007 - CAMPO FIJO DE DESCRIPCIÓN FÍSICA--INFORMACIÓN GENERAL
campo de control de longitud fija t|
008 - DATOS DE LONGITUD FIJA--INFORMACIÓN GENERAL
campo de control de longitud fija 070214s1957 sp r ||||1| spa d
100 1# - ENTRADA PRINCIPAL--NOMBRE DE PERSONA
Nombre de persona Requena, Fermín.
9 (RLIN) 96291
245 10 - MENCIÓN DEL TÍTULO
Título Madina Raya /
Mención de responsabilidad, etc. Fermín Requena ; prólogo de José Díaz de Villegas.
260 ## - PUBLICACIÓN, DISTRIBUCIÓN, ETC.
Lugar de publicación, distribución, etc. Antequera :
Nombre del editor, distribuidor, etc. [s. n.],
Fecha de publicación, distribución, etc. 1957 (
Fabricante Gráf. San Rafael)
300 ## - DESCRIPCIÓN FÍSICA
Extensión 119 p. ;
Dimensiones 19 cm.
700 1# - ENTRADA AGREGADA--NOMBRE PERSONAL
Nombre de persona Díaz de Villegas, José,
Fechas asociadas al nombre 1894-1968
9 (RLIN) 44253
852 ## - LOCALIZACIÓN
Ubicación ES-MaACL
Número de control de estantería C-12528
Sublocalización o colección R.40293
Holdings
Estatus retirado Estado de pérdida Estado de daño No para préstamo Biblioteca de origen Biblioteca actual Ubicación en estantería Fecha de adquisición Fuente de adquisición Total de préstamos Signatura topográfica completa Código de barras Visto por última vez Precio de reemplazo Tipo de ítem Koha
        Biblioteca del Ateneo de Madrid Biblioteca del Ateneo de Madrid Sala Palomar 17/01/2008     C-12528 1131862 23/02/2023 23/02/2023 Libro impreso